[Event "23. Torneo San Viator"]
[Site "Madrid ESP"]
[Date "2014.11.02"]
[Round "6.11"]
[White "Camarero Izquierdo, Juan Carlo"]
[Black "Gutierrez Soto, Sergio"]
[Result "0-1"]
[WhiteElo "1836"]
[BlackElo "1409"]
[PlyCount "90"]
[EventDate "2014.09.28"]
[EventType "swiss"]
[EventRounds "9"]
[EventCountry "ESP"]
[SourceTitle "Ajedrez en Madrid"]
[Source "lmi"]
[SourceDate "2014.09.28"]
[SourceVersion "1"]
[SourceVersionDate "2014.12.18"]
[SourceQuality "1"]

1. d4 Nf6 2. Nc3 e6 3. e4 b6 4. Bg5 Be7 5. Bxf6 Bxf6 6. e5 Bg5 7. Qg4 f5 8. Qg3
Bb7 9. h4 Bh6 10. f4 Nc6 11. Nf3 Nb4 12. O-O-O Nd5 13. Ng5 Qe7 14. Nb5 a6 15.
Nc3 O-O-O 16. Nxd5 exd5 17. Rd3 a5 18. Rb3 Bxg5 19. hxg5 d6 20. Qc3 Kb8 21. Bb5
dxe5 22. dxe5 d4 23. Qh3 g6 24. Rd1 Qc5 25. Bd3 Bd5 26. Ra3 Qc6 27. Bf1 Be4 28.
Qb3 Ka7 29. g3 Rd5 30. Bd3 Rhd8 31. Re1 Rc5 32. g4 Bxd3 33. Qxd3 fxg4 34. Kb1
Qg2 35. Ra4 Qf2 36. Rf1 Qe3 37. a3 g3 38. Qxe3 dxe3 39. Re4 Rcd5 40. Rc1 Rd1
41. Rxe3 g2 42. Re1 R1d2 43. e6 Re8 44. Re3 Rf2 45. Ree1 Rf1 0-1

[Event "23. Torneo San Viator"]
[Site "Madrid ESP"]
[Date "2014.11.02"]
[Round "6.12"]
[White "Soto Martin, Miguel"]
[Black "Rodriguez Valero, Martin"]
[Result "1-0"]
[WhiteElo "1658"]
[BlackElo "1814"]
[PlyCount "47"]
[EventDate "2014.09.28"]
[EventType "swiss"]
[EventRounds "9"]
[EventCountry "ESP"]
[SourceTitle "Ajedrez en Madrid"]
[Source "lmi"]
[SourceDate "2014.09.28"]
[SourceVersion "1"]
[SourceVersionDate "2014.12.18"]
[SourceQuality "1"]

1. d4 e6 2. Nf3 f5 3. g3 Nf6 4. Nbd2 d5 5. Ne5 Bd6 6. Ndf3 O-O 7. Bg2 c5 8. c3
Nc6 9. Bf4 cxd4 10. cxd4 Ne4 11. O-O Nxe5 12. Bxe5 Bxe5 13. Nxe5 Bd7 14. Bxe4
dxe4 15. Qb3 Bc8 16. Rfd1 Qd6 17. Rac1 g5 18. Rc4 f4 19. Rdc1 b6 20. gxf4 gxf4
21. Qh3 Qe7 22. Rc7 Qg5+ 23. Kh1 Qf5 24. Qg2+ 1-0

[Event "23. Torneo San Viator"]
[Site "Madrid ESP"]
[Date "2014.11.02"]
[Round "6.13"]
[White "Tevar Becerra, Alvaro"]
[Black "Cervino Rossel, Cristobal"]
[Result "0-1"]
[WhiteElo "1556"]
[BlackElo "2109"]
[PlyCount "64"]
[EventDate "2014.09.28"]
[EventType "swiss"]
[EventRounds "9"]
[EventCountry "ESP"]
[SourceTitle "Ajedrez en Madrid"]
[Source "lmi"]
[SourceDate "2014.09.28"]
[SourceVersion "1"]
[SourceVersionDate "2014.12.18"]
[SourceQuality "1"]

1. e4 e5 2. Nf3 Nc6 3. Bb5 a6 4. Bxc6 bxc6 5. O-O d6 6. c3 Be6 7. d4 f6 8. Be3
Ne7 9. dxe5 dxe5 10. Qe2 Qb8 11. Nbd2 Nc8 12. Nb3 Qb5 13. Nfd2 c5 14. a4 Qb6
15. Rfd1 Rb8 16. c4 Na7 17. Ra3 Nc6 18. a5 Qa7 19. Nb1 Nd4 20. Qd3 Qb7 21. N1d2
Bd6 22. f4 O-O 23. f5 Bf7 24. Bxd4 exd4 25. g4 c6 26. Nf3 Qe7 27. h4 Rfe8 28.
Re1 Bg3 29. Re2 Bf4 30. Kg2 Be3 31. Na1 Qxe4 32. Qxe4 Rxe4 0-1

[Event "23. Torneo San Viator"]
[Site "Madrid ESP"]
[Date "2014.11.02"]
[Round "6.14"]
[White "Luque Ibanez, Manuel"]
[Black "Soto Martin, Pablo"]
[Result "0-1"]
[WhiteElo "1994"]
[BlackElo "1781"]
[PlyCount "102"]
[EventDate "2014.09.28"]
[EventType "swiss"]
[EventRounds "9"]
[EventCountry "ESP"]
[SourceTitle "Ajedrez en Madrid"]
[Source "lmi"]
[SourceDate "2014.09.28"]
[SourceVersion "1"]
[SourceVersionDate "2014.12.18"]
[SourceQuality "1"]

1. e4 c5 2. Nf3 e6 3. d4 cxd4 4. Nxd4 a6 5. Nc3 Qc7 6. Be3 Nf6 7. Be2 Bb4 8.
Qd3 Nxe4 9. Qxe4 Bxc3+ 10. Kf1 Bxb2 11. Rd1 O-O 12. Bd3 f5 13. Qh4 Nc6 14. Nxc6
Qxc6 15. Rg1 Bf6 16. Qh3 g6 17. Bh6 Bg7 18. g4 fxg4 19. Rxg4 Qf3 20. Qxf3 Rxf3
21. Be4 Ra3 22. Bxg7 Kxg7 23. Bxb7 Bxb7 24. Rxd7+ Kf6 25. Rxb7 Rxa2 26. Rc7 a5
27. f3 h5 28. Rf4+ Kg5 29. Re4 Ra6 30. h4+ Kf6 31. Ke2 a4 32. Rcc4 a3 33. Rf4+
Ke7 34. Rc7+ Kd6 35. Rff7 Rb2 36. f4 Rc6 37. Rfd7+ Kc5 38. Ra7 Rxc2+ 39. Kd3
Rh2 40. Ra5+ Kb4 41. Rda7 Rc3+ 42. Kd4 Rd2+ 43. Ke5 Rd5+ 44. Rxd5 exd5 45. Kxd5
Kb3 46. Kd4 Rh3 47. Rb7+ Kc2 48. Rc7+ Kb2 49. Rb7+ Rb3 50. Ra7 a2 51. Kc4 Rb8
0-1

[Event "23. Torneo San Viator"]
[Site "Madrid ESP"]
[Date "2014.11.02"]
[Round "6.16"]
[White "Munoz Cebey, Ricardo"]
[Black "Vazquez Gonzalez, Francisco"]
[Result "1-0"]
[WhiteElo "1779"]
[BlackElo "1975"]
[PlyCount "99"]
[EventDate "2014.09.28"]
[EventType "swiss"]
[EventRounds "9"]
[EventCountry "ESP"]
[SourceTitle "Ajedrez en Madrid"]
[Source "lmi"]
[SourceDate "2014.09.28"]
[SourceVersion "1"]
[SourceVersionDate "2014.12.18"]
[SourceQuality "1"]

1. c4 f5 2. g3 Nf6 3. Bg2 d6 4. Nc3 e5 5. d3 Be7 6. e3 O-O 7. Nge2 Nc6 8. O-O
a6 9. a3 Qe8 10. Nd5 Nxd5 11. cxd5 Nd8 12. Nc3 Qg6 13. Qe2 Bf6 14. Bd2 Bd7 15.
Rac1 Rc8 16. Rc2 c6 17. Rfc1 c5 18. b4 cxb4 19. axb4 Nf7 20. Kh1 Nh6 21. Nd1
Rxc2 22. Rxc2 Bd8 23. Nc3 Ng4 24. h3 Nf6 25. Kh2 Re8 26. e4 Rf8 27. Rc1 Ne8 28.
f4 Bf6 29. exf5 Bxf5 30. Ne4 Qf7 31. g4 Bxe4 32. dxe4 exf4 33. Bxf4 Qd7 34. Bg3
Nc7 35. Rf1 Nb5 36. Rc1 Bg5 37. Rf1 Rc8 38. h4 Bd8 39. Qf3 Bb6 40. g5 Nd4 41.
Qd1 Nc2 42. Bh3 Qe8 43. Bxc8 Ne3 44. Be6+ Kh8 45. Qf3 Nxf1+ 46. Qxf1 h6 47.
gxh6 Qe7 48. hxg7+ Kxg7 49. Qf4 Qf6 50. Qxf6+ 1-0

[Event "23. Torneo San Viator"]
[Site "Madrid ESP"]
[Date "2014.11.02"]
[Round "6.18"]
[White "Martinez De Navascues, Francis"]
[Black "Martin Hernandez, Vicente"]
[Result "1/2-1/2"]
[WhiteElo "1760"]
[BlackElo "1950"]
[PlyCount "31"]
[EventDate "2014.09.28"]
[EventType "swiss"]
[EventRounds "9"]
[EventCountry "ESP"]
[SourceTitle "Ajedrez en Madrid"]
[Source "lmi"]
[SourceDate "2014.09.28"]
[SourceVersion "1"]
[SourceVersionDate "2014.12.18"]
[SourceQuality "1"]

1. a4 e5 2. d3 Nf6 3. Nf3 Nc6 4. g3 Bc5 5. Bg2 O-O 6. O-O h6 7. c3 a5 8. Na3 d5
9. Nd2 Be6 10. e4 Re8 11. exd5 Bxd5 12. Ne4 Bxe4 13. dxe4 Qe7 14. Qe2 Rad8 15.
h3 Rd7 16. Be3 1/2-1/2

[Event "23. Torneo San Viator"]
[Site "Madrid ESP"]
[Date "2014.11.02"]
[Round "6.19"]
[White "Garcia Martin, Esteban"]
[Black "Yeves Miquel, Enrique"]
[Result "1-0"]
[WhiteElo "1917"]
[BlackElo "1705"]
[PlyCount "108"]
[EventDate "2014.09.28"]
[EventType "swiss"]
[EventRounds "9"]
[EventCountry "ESP"]
[SourceTitle "Ajedrez en Madrid"]
[Source "lmi"]
[SourceDate "2014.09.28"]
[SourceVersion "1"]
[SourceVersionDate "2014.12.18"]
[SourceQuality "1"]

1. c4 c5 2. Nc3 Nc6 3. g3 g6 4. Bg2 Bg7 5. Nf3 e5 6. O-O Nge7 7. d3 O-O 8. Rb1
d6 9. Bd2 Be6 10. a3 a5 11. Ne1 d5 12. cxd5 Nxd5 13. Nf3 Rb8 14. Ng5 Nxc3 15.
bxc3 Bd7 16. Ne4 b6 17. Nd6 Ne7 18. Nc4 Bc6 19. Bxc6 Nxc6 20. Qa4 Qc7 21. Ne3
Ne7 22. Qe4 Rfd8 23. Rfd1 h6 24. c4 f5 25. Qf3 Qd7 26. Qg2 Qa4 27. Qh3 Kh7 28.
f4 exf4 29. Ng2 f3 30. exf3 Rxd3 31. Nf4 Rd6 32. Re1 Qd7 33. Be3 Rd8 34. Qf1
Qc6 35. Qe2 R8d7 36. Kg2 Bc3 37. Red1 Rxd1 38. Rxd1 Bf6 39. h4 Kg7 40. Re1 Kf7
41. Bc1 Kg7 42. Ne6+ Kf7 43. Bxh6 Qd6 44. Bg5 Nc6 45. Nf4 Re7 46. Qd1 Nd4 47.
Nd5 Rxe1 48. Qxe1 Bxg5 49. hxg5 b5 50. Qh1 Ne6 51. Qh7+ Ng7 52. Nf6 Qd2+ 53.
Kh3 Qxg5 54. Qg8+ Kxf6 1-0

[Event "23. Torneo San Viator"]
[Site "Madrid ESP"]
[Date "2014.11.02"]
[Round "6.20"]
[White "Algaba Traspuesto, Jose Antoni"]
[Black "Jimenez Gonzalez, Marcos"]
[Result "0-1"]
[WhiteElo "1691"]
[BlackElo "1887"]
[PlyCount "66"]
[EventDate "2014.09.28"]
[EventType "swiss"]
[EventRounds "9"]
[EventCountry "ESP"]
[SourceTitle "Ajedrez en Madrid"]
[Source "lmi"]
[SourceDate "2014.09.28"]
[SourceVersion "1"]
[SourceVersionDate "2014.12.18"]
[SourceQuality "1"]

1. d4 d5 2. Nf3 c6 3. e3 Nf6 4. Bd3 Bg4 5. Nbd2 Nbd7 6. h3 Bh5 7. c4 e6 8. c5
Be7 9. b4 O-O 10. O-O e5 11. Be2 e4 12. Bb2 exf3 13. Nxf3 Ne4 14. b5 Bf6 15. a4
Nexc5 16. Qc2 Ne6 17. bxc6 bxc6 18. Rfc1 c5 19. dxc5 Bxb2 20. Qxb2 Nexc5 21.
Rc3 Rb8 22. Qa3 Ne4 23. Rd3 Bxf3 24. Bxf3 Qa5 25. Rad1 Ndf6 26. g4 Qb4 27. Qa2
Ng5 28. Bg2 Qb2 29. Bxd5 Qxa2 30. Bxa2 Rb2 31. Bb1 Nxh3+ 32. Kg2 Nxf2 33. R3d2
Nxd1 0-1

[Event "23. Torneo San Viator"]
[Site "Madrid ESP"]
[Date "2014.11.02"]
[Round "6.21"]
[White "Blanco Diez, David"]
[Black "Lianes Garcia, Marcos"]
[Result "0-1"]
[WhiteElo "1506"]
[BlackElo "1870"]
[PlyCount "156"]
[EventDate "2014.09.28"]
[EventType "swiss"]
[EventRounds "9"]
[EventCountry "ESP"]
[SourceTitle "Ajedrez en Madrid"]
[Source "lmi"]
[SourceDate "2014.09.28"]
[SourceVersion "1"]
[SourceVersionDate "2014.12.18"]
[SourceQuality "1"]

1. d4 c5 2. d5 e5 3. c4 d6 4. Nc3 g6 5. e4 Bg7 6. Bd3 Ne7 7. Nge2 f5 8. exf5
Nxf5 9. Ne4 O-O 10. O-O Qc7 11. Bd2 Nd7 12. b4 b6 13. Rb1 Nd4 14. bxc5 Nxe2+
15. Qxe2 Nxc5 16. Nxc5 Qxc5 17. Be3 Qc7 18. Rfc1 Bd7 19. Rb4 Rae8 20. Be4 Rb8
21. Rcb1 Bf5 22. f3 Rf7 23. a4 Bxe4 24. fxe4 Rbf8 25. R1b2 Qe7 26. Rb1 Qh4 27.
Qc2 Bh6 28. Bxh6 Qxh6 29. Qe2 Qh4 30. R4b2 Rf4 31. g3 Qg5 32. Kh1 Rf3 33. Re1
Qh6 34. Kg2 R3f6 35. Qe3 Qg7 36. Ree2 Qd7 37. Qb3 Qg4 38. Qd3 Rf3 39. Qb1 Qg5
40. Qe1 h5 41. Rf2 Qg4 42. Rxf3 Qxf3+ 43. Kg1 Qd3 44. Qe2 Qa3 45. Kg2 Rf7 46.
Ra2 Qb3 47. a5 bxa5 48. Rxa5 Qb6 49. Rb5 Qd4 50. Rb8+ Kg7 51. Rd8 Qc5 52. Rb8
a6 53. Rb2 Qd4 54. Ra2 Ra7 55. Rd2 Qc5 56. Ra2 a5 57. Qc2 Qd4 58. Ra4 Rb7 59.
Ra2 Rb4 60. Kf1 Rxc4 61. Qe2 a4 62. Kg2 Qxe4+ 63. Qxe4 Rxe4 64. Kf3 Rd4 65. Ke3
Kf6 66. h3 Ke7 67. Rf2 Rb4 68. Ra2 Rb3+ 69. Kf2 a3 70. Ke1 Rxg3 71. h4 Rb3 72.
Kd1 Rb1+ 73. Kc2 Rb2+ 74. Rxb2 axb2 75. Kxb2 Kf6 76. Kc3 e4 77. Kd4 Kf5 78. Kc4
Ke5 0-1

[Event "23. Torneo San Viator"]
[Site "Madrid ESP"]
[Date "2014.11.02"]
[Round "6.22"]
[White "Aguilera Lopez, Alejandro"]
[Black "Benitez Cadenas, Luis Miguel"]
[Result "1/2-1/2"]
[WhiteElo "1867"]
[BlackElo "1638"]
[PlyCount "88"]
[EventDate "2014.09.28"]
[EventType "swiss"]
[EventRounds "9"]
[EventCountry "ESP"]
[SourceTitle "Ajedrez en Madrid"]
[Source "lmi"]
[SourceDate "2014.09.28"]
[SourceVersion "1"]
[SourceVersionDate "2014.12.18"]
[SourceQuality "1"]

1. d4 d5 2. Nf3 Nf6 3. e3 e6 4. Bd3 c5 5. b3 Nbd7 6. O-O Be7 7. Bb2 b6 8. Nbd2
Bb7 9. a4 O-O 10. Ne5 Rc8 11. f4 Ne4 12. Nxe4 dxe4 13. Bc4 Nxe5 14. dxe5 Qxd1
15. Raxd1 Rcd8 16. g4 Rxd1 17. Rxd1 Rd8 18. Rxd8+ Bxd8 19. Kf2 g6 20. Ke2 Bh4
21. Ba3 Bc6 22. Kd2 h6 23. Bb5 Bb7 24. b4 Be7 25. Kc3 Bd5 26. bxc5 bxc5 27. a5
f6 28. Kb2 fxe5 29. fxe5 Kf7 30. c4 Bb7 31. a6 Bc8 32. Kc3 g5 33. h3 Kf8 34.
Kb3 Kf7 35. Kc2 Kg6 36. Kb3 h5 37. Ka4 hxg4 38. hxg4 Kf7 39. Kb3 Kg8 40. Bb2
Kf7 41. Bc3 Bd8 42. Ka4 Bc7 43. Bb2 Ke7 44. Bc3 Bb6 1/2-1/2

[Event "23. Torneo San Viator"]
[Site "Madrid ESP"]
[Date "2014.11.02"]
[Round "6.23"]
[White "Bustos Bernardo, Samuel"]
[Black "Santos Valdivia, Victor Manuel"]
[Result "1-0"]
[WhiteElo "1826"]
[BlackElo "1473"]
[PlyCount "75"]
[EventDate "2014.09.28"]
[EventType "swiss"]
[EventRounds "9"]
[EventCountry "ESP"]
[SourceTitle "Ajedrez en Madrid"]
[Source "lmi"]
[SourceDate "2014.09.28"]
[SourceVersion "1"]
[SourceVersionDate "2014.12.18"]
[SourceQuality "1"]

1. Nf3 c5 2. c4 e6 3. e3 d5 4. d4 Nf6 5. Nc3 Nc6 6. a3 Qb6 7. dxc5 Qxc5 8. b4
Qd6 9. Bb2 Nxb4 10. axb4 Qxb4 11. Qc2 Bd7 12. Ne5 Bc6 13. cxd5 Nxd5 14. Nxc6
bxc6 15. Ra4 Qb6 16. Ra6 Nb4 17. Rxb6 Nxc2+ 18. Kd2 axb6 19. Kxc2 Bc5 20. Ne4
Be7 21. Bxg7 Rg8 22. Bd4 c5 23. Bb5+ Kd8 24. Be5 Kc8 25. Bc6 Ra7 26. Rb1 Ra6
27. h3 Rf8 28. Bb5 Ra5 29. Bc6 f6 30. Bg3 e5 31. Rxb6 c4 32. Rb7 Kd8 33. Rd7+
Kc8 34. Rxe7 Rd8 35. Re8 Ra2+ 36. Kc3 Kc7 37. Rxd8 Kxd8 38. Kxc4 1-0

[Event "23. Torneo San Viator"]
[Site "Madrid ESP"]
[Date "2014.11.02"]
[Round "6.25"]
[White "Rendo Quindos, Pedro"]
[Black "Garcia Ruido, Ricardo"]
[Result "0-1"]
[WhiteElo "1657"]
[BlackElo "2063"]
[PlyCount "158"]
[EventDate "2014.09.28"]
[EventType "swiss"]
[EventRounds "9"]
[EventCountry "ESP"]
[SourceTitle "Ajedrez en Madrid"]
[Source "lmi"]
[SourceDate "2014.09.28"]
[SourceVersion "1"]
[SourceVersionDate "2014.12.18"]
[SourceQuality "1"]

1. d4 Nf6 2. Nf3 g6 3. c4 Bg7 4. Nc3 O-O 5. Bf4 d6 6. e3 Nbd7 7. h3 c6 8. Be2
Qc7 9. O-O Re8 10. Rc1 Nf8 11. Bd3 h6 12. Bh2 g5 13. Nd2 Ng6 14. Nde4 Nxe4 15.
Nxe4 Qa5 16. a3 Bd7 17. Qc2 Nh4 18. f3 f5 19. Nd2 Rf8 20. Bg3 e5 21. Nb3 Qd8
22. Bxh4 gxh4 23. c5 d5 24. dxe5 Bxe5 25. Nd4 Qf6 26. f4 Bxd4 27. exd4 Qxd4+
28. Kh1 Rae8 29. Rcd1 Qf6 30. Rfe1 Kh8 31. Qf2 Rg8 32. Rd2 Rxe1+ 33. Qxe1 b6
34. Qf2 Rb8 35. b4 Kh7 36. Qe3 Re8 37. Qf2 bxc5 38. Qxc5 Qg7 39. Rd1 Rg8 40.
Qf2 Qg3 41. Qxg3 hxg3 42. Re1 Rg7 43. Kg1 Kg6 44. Re5 Kf6 45. Kf1 Be6 46. Ke2
h5 47. Kd2 h4 48. Kc3 Rf7 49. Kd4 Ke7 50. Re2 Kd6 51. Rc2 Rf8 52. a4 Rb8 53. b5
cxb5 54. Bxb5 Rb6 55. Ra2 a6 56. Be2 a5 57. Bb5 Rb7 58. Rc2 Rb6 59. Rc3 Bd7 60.
Rc5 Bxb5 61. Rxd5+ Kc6 62. axb5+ Rxb5 63. Rd8 Rb2 64. Rc8+ Kb7 65. Rc5 Rxg2 66.
Rxf5 Rh2 67. Rxa5 Rxh3 68. Rg5 Rh1 69. Ke3 Rf1 70. Rg4 h3 71. Rxg3 h2 72. Rg7+
Kc8 73. Rg8+ Kd7 74. Rg7+ Ke8 75. Rg8+ Kf7 76. Rh8 h1=Q 77. Rxh1 Rxh1 78. Kf3
Kf6 79. Kg2 Ra1 0-1

[Event "23. Torneo San Viator"]
[Site "Madrid ESP"]
[Date "2014.11.02"]
[Round "6.26"]
[White "Mejias Gonzalez, Pedro"]
[Black "Padin Lazaro, Jose Manuel"]
[Result "0-1"]
[WhiteElo "1632"]
[BlackElo "1922"]
[PlyCount "86"]
[EventDate "2014.09.28"]
[EventType "swiss"]
[EventRounds "9"]
[EventCountry "ESP"]
[SourceTitle "Ajedrez en Madrid"]
[Source "lmi"]
[SourceDate "2014.09.28"]
[SourceVersion "1"]
[SourceVersionDate "2014.12.18"]
[SourceQuality "1"]

1. e4 e6 2. d4 d5 3. e5 c5 4. c3 Nc6 5. Nf3 Qb6 6. Qb3 Qxb3 7. axb3 cxd4 8.
cxd4 Nge7 9. Bb5 Bd7 10. O-O Nf5 11. Bxc6 bxc6 12. Nc3 c5 13. Rd1 Be7 14. Na4
Bxa4 15. Rxa4 O-O 16. g4 Nxd4 17. Nxd4 cxd4 18. Raxd4 Bc5 19. R4d3 Rfb8 20. Rc3
Rc8 21. Bf4 Bb4 22. Rxc8+ Rxc8 23. Rc1 Rxc1+ 24. Bxc1 f6 25. exf6 gxf6 26. Be3
a6 27. f3 Kf7 28. h4 e5 29. Kf1 Ke6 30. Ke2 f5 31. h5 f4 32. Bd2 Bxd2 33. Kxd2
e4 34. Ke2 Kf6 35. b4 Kg5 36. b3 exf3+ 37. Kxf3 d4 38. h6 d3 39. b5 axb5 40. b4
d2 41. Ke2 Kxg4 42. Kxd2 Kg3 43. Ke2 Kg2 0-1

[Event "23. Torneo San Viator"]
[Site "Madrid ESP"]
[Date "2014.11.02"]
[Round "6.27"]
[White "Alonso Pardo, Daniel"]
[Black "Cano Mercado, Francisco Manuel"]
[Result "0-1"]
[WhiteElo "1630"]
[BlackElo "1885"]
[PlyCount "151"]
[EventDate "2014.09.28"]
[EventType "swiss"]
[EventRounds "9"]
[EventCountry "ESP"]
[SourceTitle "Ajedrez en Madrid"]
[Source "lmi"]
[SourceDate "2014.09.28"]
[SourceVersion "1"]
[SourceVersionDate "2014.12.18"]
[SourceQuality "1"]

1. e4 c5 2. Nf3 e6 3. d4 cxd4 4. Nxd4 Nf6 5. Bd3 Nc6 6. Nxc6 bxc6 7. O-O d5 8.
exd5 cxd5 9. b3 Be7 10. Bb2 O-O 11. f4 Ba6 12. Rf3 Bxd3 13. Qxd3 Ne4 14. Nd2 f5
15. Rd1 Rc8 16. c4 dxc4 17. Nxc4 Bc5+ 18. Kf1 Qh4 19. Qd7 Qe7 20. Qxe7 Bxe7 21.
Rfd3 Bf6 22. Bxf6 Nxf6 23. Rd6 Rfe8 24. Re1 Ne4 25. Ra6 Re7 26. Rd1 g6 27. g3
Kg7 28. Kg2 h6 29. Kf3 g5 30. Kg2 gxf4 31. gxf4 Kf6 32. Kf3 Rg8 33. Nd6 Rge8
34. Ke3 Nxd6 35. Rdxd6 Rg8 36. Kf2 Rg4 37. Kf3 Rg1 38. Kf2 Rb1 39. Kf3 Re1 40.
Kf2 Re4 41. Kf3 Rb7 42. Ra4 Rxa4 43. bxa4 Rb2 44. Ra6 Rxh2 45. Rxa7 Rxa2 46. a5
h5 47. a6 e5 48. Ra8 e4+ 49. Ke3 Ra3+ 50. Ke2 h4 51. Rh8 h3 52. a7 Rxa7 53.
Rxh3 Ra2+ 54. Ke1 Ra1+ 55. Ke2 Rg1 56. Kf2 Rg4 57. Ke3 Rg6 58. Ke2 Ke6 59. Rh5
Rg4 60. Ke3 Rg3+ 61. Ke2 Rf3 62. Rh4 Kd5 63. Rh8 Rxf4 64. Rd8+ Ke6 65. Re8+ Kf7
66. Re5 Rf3 67. Ke1 Kf6 68. Re8 Kg5 69. Rh8 Kf4 70. Rh4+ Ke3 71. Rh2 Rg3 72.
Re2+ Kf4 73. Rf2+ Rf3 74. Re2 Re3 75. Kf2 Rxe2+ 76. Kxe2 0-1

[Event "23. Torneo San Viator"]
[Site "Madrid ESP"]
[Date "2014.11.02"]
[Round "6.28"]
[White "Linares Leyva, David"]
[Black "San Felipe Asis, Raquel"]
[Result "1-0"]
[WhiteElo "1841"]
[BlackElo "1660"]
[PlyCount "49"]
[EventDate "2014.09.28"]
[EventType "swiss"]
[EventRounds "9"]
[EventCountry "ESP"]
[SourceTitle "Ajedrez en Madrid"]
[Source "lmi"]
[SourceDate "2014.09.28"]
[SourceVersion "1"]
[SourceVersionDate "2014.12.18"]
[SourceQuality "1"]

1. Nf3 Nf6 2. c4 c5 3. g3 Nc6 4. Bg2 e6 5. O-O Be7 6. Nc3 d5 7. cxd5 exd5 8. d4
O-O 9. a3 h6 10. dxc5 Bxc5 11. b4 Bb6 12. Bb2 Be6 13. Na4 Bc7 14. Nc5 b6 15.
Na6 Bd6 16. Rc1 Rc8 17. Qd3 Re8 18. Rfd1 Be7 19. Ne5 Nxe5 20. Bxe5 Rxc1 21.
Rxc1 Bc8 22. Nc7 Rf8 23. Nxd5 Nxd5 24. Qxd5 Bd6 25. Bxd6 1-0

[Event "23. Torneo San Viator"]
[Site "Madrid ESP"]
[Date "2014.11.02"]
[Round "6.29"]
[White "Sirera Ripoll, Jose"]
[Black "Mateos Cordero, Francisco"]
[Result "1-0"]
[WhiteElo "1761"]
[BlackElo "1611"]
[PlyCount "49"]
[EventDate "2014.09.28"]
[EventType "swiss"]
[EventRounds "9"]
[EventCountry "ESP"]
[SourceTitle "Ajedrez en Madrid"]
[Source "lmi"]
[SourceDate "2014.09.28"]
[SourceVersion "1"]
[SourceVersionDate "2014.12.18"]
[SourceQuality "1"]

1. e4 c5 2. Nf3 d6 3. d4 cxd4 4. Nxd4 Nf6 5. Nc3 a6 6. Be3 e5 7. Nb3 Be6 8. f3
b5 9. Qd2 Nbd7 10. O-O-O Be7 11. g4 Bxb3 12. axb3 Qa5 13. Kb1 O-O 14. h4 Nc5
15. g5 Nfd7 16. b4 Qxb4 17. Nd5 Qa4 18. Nxe7+ Kh8 19. Qxd6 Nxe4 20. Qxd7 Qb4
21. fxe4 Qxe4 22. Qd2 Qxh1 23. Bg2 Qxd1+ 24. Qxd1 Rad8 25. Qg4 1-0

[Event "23. Torneo San Viator"]
[Site "Madrid ESP"]
[Date "2014.11.02"]
[Round "6.30"]
[White "Porris Rebollar, Ivan"]
[Black "Rodriguez Alonso, Marcos"]
[Result "0-1"]
[WhiteElo "1493"]
[BlackElo "1746"]
[PlyCount "46"]
[EventDate "2014.09.28"]
[EventType "swiss"]
[EventRounds "9"]
[EventCountry "ESP"]
[SourceTitle "Ajedrez en Madrid"]
[Source "lmi"]
[SourceDate "2014.09.28"]
[SourceVersion "1"]
[SourceVersionDate "2014.12.18"]
[SourceQuality "1"]

1. d4 d5 2. e3 Bf5 3. Nf3 e6 4. Be2 Nc6 5. O-O Bd6 6. b3 Nf6 7. Nh4 Bg6 8. c4
Bxb1 9. Rxb1 Ne4 10. cxd5 Nc3 11. Qc2 Qxh4 12. g3 Nxe2+ 13. Qxe2 Qe4 14. dxc6
Qxb1 15. cxb7 Rb8 16. Qb5+ Ke7 17. Ba3 Qe4 18. Qg5+ Kd7 19. Bxd6 cxd6 20. Qxg7
Qg6 21. Qxg6 hxg6 22. Rc1 Rxb7 23. Kg2 Rc8 0-1

[Event "23. Torneo San Viator"]
[Site "Madrid ESP"]
[Date "2014.11.02"]
[Round "6.31"]
[White "Mosteiro Montoro, Alvaro"]
[Black "Cuellar Gutierrez, Raul"]
[Result "0-1"]
[WhiteElo "1586"]
[BlackElo "1690"]
[PlyCount "82"]
[EventDate "2014.09.28"]
[EventType "swiss"]
[EventRounds "9"]
[EventCountry "ESP"]
[SourceTitle "Ajedrez en Madrid"]
[Source "lmi"]
[SourceDate "2014.09.28"]
[SourceVersion "1"]
[SourceVersionDate "2014.12.18"]
[SourceQuality "1"]

1. d4 e6 2. c4 d5 3. Nc3 Nf6 4. Bg5 Be7 5. e3 Nc6 6. Nf3 Bd7 7. a3 dxc4 8. Bxc4
O-O 9. O-O a6 10. Bd3 Re8 11. Re1 Rc8 12. e4 Nh5 13. Bxe7 Nxe7 14. e5 Nf4 15.
Be4 Bc6 16. Bxc6 Nxc6 17. Ne4 h6 18. Qd2 Nd5 19. Rac1 Nce7 20. Nc5 Rb8 21. Rc2
Ng6 22. Re4 Nde7 23. Nh4 Nxh4 24. Rxh4 Nf5 25. Rg4 Qd5 26. Ne4 Kh8 27. Ng3 Nxg3
28. Rxg3 c6 29. Qf4 Re7 30. b3 Rd8 31. Rd2 Red7 32. Kf1 Qb5+ 33. Ke1 c5 34.
Rgd3 Rxd4 35. Rxd4 Rxd4 36. Rxd4 cxd4 37. Qxd4 Qxb3 38. a4 Qd5 39. Qf4 Kg8 40.
f3 b5 41. a5 Qa2 0-1

[Event "23. Torneo San Viator"]
[Site "Madrid ESP"]
[Date "2014.11.02"]
[Round "6.32"]
[White "Gil Calvente, Jose Antonio"]
[Black "Rodriguez Romero, Martin"]
[Result "1-0"]
[WhiteElo "1689"]
[BlackElo "1422"]
[PlyCount "61"]
[EventDate "2014.09.28"]
[EventType "swiss"]
[EventRounds "9"]
[EventCountry "ESP"]
[SourceTitle "Ajedrez en Madrid"]
[Source "lmi"]
[SourceDate "2014.09.28"]
[SourceVersion "1"]
[SourceVersionDate "2014.12.18"]
[SourceQuality "1"]

1. d4 d5 2. Nf3 Nf6 3. e3 e6 4. Bd3 c5 5. b3 Nc6 6. Bb2 Qc7 7. O-O Be7 8. a3
O-O 9. Ne5 cxd4 10. exd4 Nxe5 11. dxe5 Nd7 12. f4 Nc5 13. Bxh7+ Kxh7 14. Qh5+
Kg8 15. Rf3 Ne4 16. Bd4 Qxc2 17. Nc3 Nxc3 18. Rxc3 Qg6 19. Qe2 f6 20. Rg3 Qf5
21. Rf1 fxe5 22. Bxe5 Bf6 23. Bd6 Rf7 24. Qb5 Rd7 25. a4 Qe4 26. Be5 Bxe5 27.
fxe5 Qxe5 28. Qb4 Rd8 29. Qe7 Qxg3 30. Qxd8+ Kh7 31. hxg3 1-0

[Event "23. Torneo San Viator"]
[Site "Madrid ESP"]
[Date "2014.11.02"]
[Round "6.33"]
[White "Jarne Anguita, Miguel"]
[Black "Rodriguez Lucena, Angel"]
[Result "0-1"]
[WhiteElo "1387"]
[BlackElo "1741"]
[PlyCount "70"]
[EventDate "2014.09.28"]
[EventType "swiss"]
[EventRounds "9"]
[EventCountry "ESP"]
[SourceTitle "Ajedrez en Madrid"]
[Source "lmi"]
[SourceDate "2014.09.28"]
[SourceVersion "1"]
[SourceVersionDate "2014.12.18"]
[SourceQuality "1"]

1. d4 f5 2. Nf3 Nf6 3. e3 g6 4. Bd3 Bg7 5. O-O d6 6. b3 O-O 7. Bb2 b6 8. Nbd2
Bb7 9. c4 Qe8 10. b4 Nbd7 11. Rc1 e5 12. Bb1 e4 13. Ng5 h6 14. Nh3 c5 15. bxc5
bxc5 16. d5 g5 17. Qb3 Rb8 18. Qa3 f4 19. Qxa7 f3 20. Kh1 fxg2+ 21. Kxg2 Qc8
22. Qa4 Ne5 23. Bxe5 dxe5 24. Qd1 Qf5 25. Ng1 Bc8 26. f3 exf3+ 27. Qxf3 Qg4+
28. Qxg4 Nxg4 29. Rxf8+ Kxf8 30. e4 Rb2 31. Ngf3 Nf6 32. Rc2 Rb4 33. Nxe5 Nxe4
34. Nc6 Nxd2 35. Rxd2 Rxb1 0-1